Comic Character by Eye Make-Up Quiz Stats

 Plays Quiz Updated Jun 30, 2019

Score 0/12 Timer 02:00
2 Plays Today
% Correct
Rocket Raccoon
96.6%
Superman
95.7%
Captain America
95.1%
Batman
94.1%
Deadpool
93.1%
Loki
91.5%
Joker
91.5%
Spider-Man
90.8%
Riddler
90.2%
Harley Quinn
89.3%
Iron Man
85.7%
Flash
79.9%

You're not logged in!

Compare scores with friends on all Sporcle quizzes.
OR
Log In

Sporcle TV

Today on Sporcle TV


Watch our educational content, quiz creation guides, and fun videos on Sporcle TV.

Show Comments

Extras

Top Quizzes Today


Score Distribution

Your Account Isn't Verified!

In order to create a playlist on Sporcle, you need to verify the email address you used during registration. Go to your Sporcle Settings to finish the process.

Report this User

Report this user for behavior that violates our Community Guidelines.

Details: